00459nam a2200157Ia 45000010006000000050017000060080041000230410008000640820015000721000034000872450127001212600009002483000028002576500008002856540008002931316720260306163033.0260306t1998||||xx |||||||||||||| ||spa|| aESP a001.4bS23 aSánchez Carlessi, HugoeAUT 0aMetodología y diseños en la investigación científica:baplicados a la psicología educación y ciencias sociales c1998 a174 páginas :c20 cm. aGEN aCHU